Atlas shrugged (Record no. 37560)

MARC details
000 -LEADER
fixed length control field 00246nam a2200109Ia 4500
082 ## - DEWEY DECIMAL CLASSIFICATION NUMBER
Classification number 82-3
Item number RAN
100 ## - MAIN ENTRY--AUTHOR NAME
Personal name Rand, Ayn
245 #0 - TITLE STATEMENT
Title Atlas shrugged
260 ## - PUBLICATION, DISTRIBUTION, ETC. (IMPRINT)
Place of publication New York
Name of publisher Nel
Year of publication 1957
942 ## - ADDED ENTRY ELEMENTS (KOHA)
Koha item type Books
Holdings
Withdrawn status Lost status Damaged status Not for loan Home library Current library Date acquired Full call number Accession Number Koha item type
        RRII Library RRII Library 16/12/2021 82-3 RAN 17941 Books